Anagramas Aleatórios de Países - Statistics

Estatísticas Gerais
  • Esse quiz foi jogado 57 626 vezes
  • A pontuação média é 12 de 20
Estatísticas das Respostas
País % Correto
Omã
93%
Fiji
92%
Gana
91%
Togo
90%
Cuba
89%
Japão
89%
Peru
88%
Suíça
88%
Kosovo
87%
França
86%
Haiti
84%
Irão
84%
Sudão
83%
Moçambique
82%
Butão
81%
Índia
81%
Chile
80%
China
80%
Síria
79%
Azerbaijão
78%
Gabão
78%
Itália
78%
Luxemburgo
78%
Zâmbia
78%
Afeganistão
77%
Níger
77%
Finlândia
76%
Líbia
76%
Mali
76%
Nepal
76%
Quênia
76%
Laos
75%
Malta
75%
México
75%
Canadá
74%
Mônaco
74%
Cazaquistão
73%
Panamá
73%
Tanzânia
73%
Chipre
72%
Rússia
72%
Filipinas
70%
Madagáscar
70%
Palau
69%
Tuvalu
69%
Venezuela
69%
Belize
68%
Guiné
68%
Jamaica
68%
Uzbequistão
68%
Catar
67%
Uruguai
67%
Chade
65%
Iémen
65%
Kuweit
65%
Malawi
65%
Paquistão
65%
Polônia
65%
Sérvia
65%
Taiwan
65%
Jordânia
64%
Tonga
64%
Albânia
63%
Bolívia
63%
Egito
63%
Eslováquia
63%
Grécia
63%
Malásia
63%
Samoa
63%
Zimbábue
63%
Croácia
61%
Gâmbia
61%
Islândia
61%
Bielorrússia
60%
Botswana
60%
Brasil
60%
Djibouti
60%
Geórgia
60%
Kiribati
60%
Seychelles
60%
Vanuatu
60%
Bangladesh
59%
Etiópia
59%
Marrocos
59%
Namíbia
59%
Tailândia
59%
Benim
58%
Mongólia
58%
Nigéria
58%
Camboja
57%
Nauru
57%
Tajiquistão
57%
Moldávia
56%
Turquemenistão
56%
Turquia
56%
Angola
55%
Bélgica
55%
Quirguistão
55%
Suécia
55%
Uganda
55%
Bahamas
54%
Líbano
54%
Guiana
53%
Liechtenstein
52%
Mauritânia
51%
Alemanha
50%
Burundi
50%
Camarões
50%
Lituânia
50%
Ucrânia
50%
Lesoto
49%
Paraguai
49%
Argélia
48%
Vaticano
48%
Vietname
48%
Iraque
47%
Nicarágua
47%
Guatemala
46%
Israel
46%
Montenegro
46%
Portugal
46%
Brunei
45%
Libéria
45%
Tunísia
45%
Birmânia
44%
Indonésia
44%
Bahrein
43%
Bulgária
42%
Colômbia
42%
Eslovénia
42%
Guiné-Bissau
42%
Senegal
42%
Andorra
41%
Áustria
41%
Hungria
41%
Armênia
40%
Ruanda
40%
Dinamarca
39%
Maldivas
39%
Equador
38%
Espanha
38%
Romênia
38%
Granada
37%
Suazilândia
37%
Eritreia
35%
Noruega
35%
Singapura
35%
Somália
35%
Barbados
33%
Austrália
32%
Estônia
31%
Honduras
31%
Irlanda
29%
Letónia
29%
Comores
27%
Suriname
27%
Maurícia
26%
Argentina
24%
Dominica
21%
Nenhum quiz correspondente encontrado
Distribuição das Pontuações
Porcentagem de Pessoas com Cada Pontuação
Percentil de Números Respondidos
Sua Pontuação Histórica
Você não jogou esse quiz